Score 0/18 Timer 03:00
1 Play Today
Scrambled Terms Unscrambled Tems % Correct
NTUPPunt
96.6%
LZBITBlitz
89.7%
PANSSnap
89.6%
DELFI LAGOField goal
87.6%
CARUTEKABRQQuarterback
85.9%
Theme linking the terms:Football
84.9%
IHTTG NEDTight end
84.2%
ARCYRCarry
82.7%
MEFLUBFumble
74.8%
Scrambled Terms Unscrambled Tems % Correct
VURRNOTETurnover
65.9%
FASTYESafety
62.4%
WOTCHONUDTouchdown
62.1%
ASCPEIL MATESSpecial Teams
59.7%
THEEMLHelmet
50.8%
TRUNERReturn
45.9%
LATEPYNPenalty
40.2%
NRGIORDIGridiron
35%
PITTENCRONIEInterception
21.7%
Remove Ads.
Support Sporcle.
Get the best of Sporcle when you Go Orange. This ad-free experience offers more features, more stats, and more fun while also helping to support Sporcle. Thank you for becoming a member.

You're not logged in!

Compare scores with friends on all Sporcle quizzes.
OR
Log In

Show Comments

Extras

Top Quizzes Today


Score Distribution

Your Account Isn't Verified!

In order to create a playlist on Sporcle, you need to verify the email address you used during registration. Go to your Sporcle Settings to finish the process.

Report this User

Report this user for behavior that violates our Community Guidelines.

Details: